Normal view
MARC view
Entry Término temático
001 - NÚMERO DE CONTROL
- campo de control: 27651
003 - IDENTIFICADOR DEL NÚMERO DE CONTROL
- campo de control: OSt
005 - FECHA Y HORA DE LA ÚLTIMA TRANSACCIÓN
- campo de control: 20200615033114.0
008 - DATOS DE LONGITUD FIJA
- campo de control de longitud fija: 200615|| aca||aabn | a|a d
040 ## - FUENTE DE LA CATALOGACIÓN
- Centro catalogador/agencia de origen: OSt
- Centro/agencia transcriptor: OSt
150 ## - ENCABEZAMIENTO--TÉRMINO DE MATERIA
- Término de materia o nombre geográfico como elemento de entrada: DECORACIÓN Y ORNAMENTACIÓN ARQUITECTÓNICAS
- Subdivisión geográfica: ESPAÑA
- Subdivisión geográfica: ARAGÓN
- Subdivisión general: TEMAS, MOTIVOS
670 ## - FUENTE DE DATOS ENCONTRADOS
- Cita de la fuente: Work cat.: (OSt)11352: Calahorra Martínez, Pedro. 27646, Iconografía musical del románico aragones /, 1993.
